000 00823cam a2200193 4500
001 WB3801-24
008 020108n2002 000 0 eng u
035 _a(Sirsi) u116171
245 _aCouncils' use of contaminated land powers
260 _c2002
490 _aENDS Report
_v(323) December 2001, 11-12(2)
520 _aNew legislation, which took effect in England in April 2000, gave local authorities powers to tackle contaminated land. Describes the key findings of an ENDS survey, which looks at how councils have used their powers. Focuses on 15 sites, many of which could not have been anticipated by those who drafted the legislation. Table.
590 _aWB
650 _aLOCAL AUTHORITIES
650 _aCONTAMINATED LAND
650 _aREMEDIATION
690 _aENVIRONMENT-CONTAMINATION
942 _n0
999 _c69200
_d69200